[Event "PAR-ch sf"]
[Site "Asuncion"]
[Date "2023.10.29"]
[Round "5"]
[White "Pereira, Fabian"]
[Black "Jodorcovsky, Paulo Leonardo"]
[Result "1-0"]
[WhiteElo "2049"]
[BlackElo "1817"]
[PlyCount "85"]
[EventDate "2023.10.27"]
[EventType "swiss"]
[EventRounds "9"]
[EventCountry "PAR"]
[SourceTitle "CBM 217 Extra"]
[Source "ChessBase"]
[SourceDate "2024.01.31"]
[SourceVersion "1"]
[SourceVersionDate "2024.01.31"]
[SourceQuality "1"]

1. e4 c5 2. Nf3 Nc6 3. d4 cxd4 4. Nxd4 Nf6 5. Nc3 e5 6. Ndb5 h6 7. Nd6+ Bxd6 8. Qxd6 Qe7 9. Qxe7+ Kxe7 10. b3 d6 11. Ba3 a5 12. 0-0-0 Nb4 13. f3 Rd8 14. Nb5 Ne8 15. c3 Nc6 16. Rd2 Be6 17. Be2 Rd7 18. Rhd1 Rad8 19. Kb2 a4 20. c4 axb3 21. axb3 g6 22. g4 Nb8 23. h4 Na6 24. f4 f6 25. g5 hxg5 26. hxg5 exf4 27. Nxd6 Nxd6 28. Rxd6 Rxd6 29. gxf6+ Kxf6 30. Bxd6 g5 31. e5+ Kg6 32. Bf3 Nb8 33. Bxb7 g4 34. c5 Nd7 35. c6 Nb6 36. c7 Rh8 37. Bc5 Nc8 38. Rd8 Kg7 39. Rxh8 Kxh8 40. b4 Kg7 41. b5 Kg6 42. b6 Kf5 43. Be4+ 1-0

[Event "Titled Tuesday intern op 17th Oct Late"]
[Site "Chess.com INT"]
[Date "2023.10.17"]
[Round "11"]
[White "Logozar, Elijah"]
[Black "Pereira, Fabian"]
[Result "1-0"]
[WhiteElo "1908"]
[BlackElo "2049"]
[PlyCount "97"]
[EventDate "2023.10.17"]
[EventType "swiss (blitz)"]
[EventRounds "11"]
[EventCountry "USA"]
[SourceTitle "EXT 2025"]
[Source "ChessBase"]
[SourceDate "2024.10.14"]
[SourceVersion "1"]
[SourceVersionDate "2024.10.14"]
[SourceQuality "1"]

1. e4 c5 2. Nf3 d6 3. d4 cxd4 4. Nxd4 Nf6 5. Nc3 a6 6. Bc4 e6 7. Bb3 Qc7 8. g4 Nc6 9. g5 Nxd4 10. Qxd4 Nd7 11. f4 b5 12. Be3 Bb7 13. f5 Nc5 14. 0-0-0 0-0-0 15. Rhf1 b4 16. Qxb4 d5 17. Qd4 e5 18. Qd2 d4 19. Nd5 Nxb3+ 20. axb3 Bxd5 21. exd5 dxe3 22. Qxe3 Bc5 23. Qe4 f6 24. d6 Qb7 25. Qc4 Qb5 26. Qe6+ Kb8 27. gxf6 gxf6 28. Qxf6 Be3+ 29. Kb1 Rhe8 30. Qf7 Bb6 31. d7 Rf8 32. Qe7 Qc5 33. Qxh7 Rf6 34. Rfe1 Rd6 35. Qh4 R8xd7 36. Rxd6 Qxd6 37. f6 Rf7 38. Qh8+ Kb7 39. Rf1 Bd4 40. Qe8 Qd5 41. Rd1 Rc7 42. c3 Qe4+ 43. Ka2 Bxc3 44. f7 Qc2 45. Rb1 Rc5 46. Qd7+ Kb6 47. Qd6+ Rc6 48. Qb8+ Kc5 49. f8Q+ 1-0

[Event "Titled Tuesday intern op 17th Oct Late"]
[Site "Chess.com INT"]
[Date "2023.10.17"]
[Round "2"]
[White "Pereira, Fabian"]
[Black "Prestia, Paris"]
[Result "1-0"]
[WhiteElo "2049"]
[BlackElo "2059"]
[PlyCount "53"]
[EventDate "2023.10.17"]
[EventType "swiss (blitz)"]
[EventRounds "11"]
[EventCountry "USA"]
[SourceTitle "EXT 2025"]
[Source "ChessBase"]
[SourceDate "2024.10.14"]
[SourceVersion "1"]
[SourceVersionDate "2024.10.14"]
[SourceQuality "1"]

1. e4 c5 2. Nf3 d6 3. d4 cxd4 4. Nxd4 Nf6 5. Nc3 g6 6. g3 Nc6 7. Nde2 Bg7 8. Bg2 0-0 9. 0-0 Be6 10. h3 Rc8 11. Be3 a6 12. a4 Ne5 13. b3 Qa5 14. Rc1 b5 15. axb5 axb5 16. Nd5 Nxd5 17. exd5 Bf5 18. Nd4 Rc7 19. f4 Rc3 20. Bf2 Nd3 21. cxd3 Rxd3 22. Nc6 Rxd1 23. Nxa5 Rxf1+ 24. Bxf1 Ra8 25. Nc6 Bb2 26. Re1 e6 27. dxe6 1-0

[Event "PAR-ch"]
[Site "Asuncion"]
[Date "2010.06.19"]
[Round "4"]
[White "Pereira, Fabian"]
[Black "Vargas, Gabriela"]
[Result "1/2-1/2"]
[WhiteElo "2119"]
[BlackElo "2078"]
[PlyCount "159"]
[EventDate "2010.06.12"]
[EventType "swiss"]
[EventRounds "9"]
[EventCountry "PAR"]
[SourceTitle "CBM 137 Extra"]
[Source "ChessBase"]
[SourceDate "2010.09.01"]
[SourceVersion "1"]
[SourceVersionDate "2010.09.01"]
[SourceQuality "1"]

1. e4 e6 2. Qe2 c5 3. Nf3 Nc6 4. d3 Be7 5. g3 Nf6 6. Bg2 d5 7. 0-0 0-0 8. Re1 dxe4 9. dxe4 e5 10. c3 Rb8 11. Na3 Be6 12. Ng5 Bg4 13. f3 Bc8 14. f4 Bg4 15. Nf3 Nd7 16. Nc4 f6 17. Ne3 Be6 18. Nh4 Re8 19. Bf3 Bf8 20. Bh5 Nb6 21. Rd1 Qc8 22. Bxe8 Qxe8 23. f5 Bf7 24. Nf3 Rd8 25. Rxd8 Nxd8 26. a4 a5 27. Qb5 Qc6 28. Qd3 Be7 29. c4 Qd6 30. Nd5 Nc6 31. Be3 Nxd5 32. exd5 Nb4 33. Qe4 Qc7 34. g4 Qd6 35. Nd2 Na6 36. Qg2 Qd7 37. Ne4 b6 38. b3 Kh8 39. Rf1 Nb8 40. g5 Qd8 41. gxf6 Bxf6 42. Kh1 Nd7 43. Rg1 Qf8 44. Bg5 Be8 45. Qg4 h6 46. Bxf6 Nxf6 47. Nxf6 Qxf6 48. Qe4 Bd7 49. Re1 Bxf5 50. Qxe5 Qh4 51. Qg3 Qd4 52. Qe3 Qf6 53. Qf4 Qg6 54. Re5 Bd7 55. Qg3 Qf6 56. Re1 Bf5 57. Qb8+ Kh7 58. Qf4 Qg6 59. h4 Bg4 60. d6 Bd7 61. Qe4 Bf5 62. Qf3 Bd7 63. Qe4 Bf5 64. Qf4 Bd7 65. Kh2 Bc6 66. Qg3 Qc2+ 67. Kg1 Qd2 68. h5 Qd4+ 69. Kf1 Qf6+ 70. Qf2 Qxd6 71. Qf5+ Kh8 72. Ke2 Bd7 73. Qd5 Bg4+ 74. Kd3 Bf5+ 75. Kd2 Qh2+ 76. Re2 Qxh5 77. Qd8+ Kh7 78. Qe8 Qg5+ 79. Qe3 Qf6 80. Qe5 1/2-1/2

[Event "South America-ch U20 7th"]
[Site "Asuncion"]
[Date "2010.05.11"]
[Round "1.6"]
[White "Pereira, Fabian"]
[Black "Vazquez, Guillermo"]
[Result "0-1"]
[WhiteElo "2119"]
[BlackElo "2004"]
[PlyCount "58"]
[EventDate "2010.05.11"]
[EventType "swiss"]
[EventRounds "9"]
[EventCountry "PAR"]
[SourceTitle "EXT 2022"]
[Source "ChessBase"]
[SourceDate "2021.10.06"]
[SourceVersion "1"]
[SourceVersionDate "2021.10.06"]
[SourceQuality "1"]

1. e4 e6 2. d4 d5 3. Nd2 Nf6 4. e5 Nfd7 5. Bd3 c5 6. c3 Nc6 7. Ne2 f6 8. Nf4 Qe7 9. Qh5+ Qf7 10. Bg6 hxg6 11. Qxh8 fxe5 12. Ne2 b6 13. Nf3 cxd4 14. Bg5 Ba6 15. cxd4 e4 16. Nf4 exf3 17. 0-0-0 Rc8 18. Qh3 Be7 19. Kb1 Bxg5 20. Nxe6 Be7 21. Rhe1 Qf5+ 22. Qxf5 gxf5 23. Nxg7+ Kf7 24. Nxf5 fxg2 25. Rg1 Nb4 26. Nxe7 Kxe7 27. a3 Bd3+ 28. Ka1 Nc2+ 29. Ka2 Bf1 0-1

[Event "Asuncion Clasificatorio Roggio-B"]
[Site "Asuncion"]
[Date "2010.03.18"]
[Round "7"]
[White "Villalba, Marcelo"]
[Black "Pereira, Fabian"]
[Result "1-0"]
[WhiteElo "2086"]
[BlackElo "2119"]
[PlyCount "77"]
[EventDate "2010.03.11"]
[EventType "tourn"]
[EventRounds "8"]
[EventCountry "PAR"]
[SourceTitle "EXT 2023"]
[Source "ChessBase"]
[SourceDate "2022.10.05"]
[SourceVersion "1"]
[SourceVersionDate "2022.10.05"]
[SourceQuality "1"]

1. d4 Nf6 2. c4 c5 3. d5 e6 4. Nc3 exd5 5. cxd5 d6 6. e4 g6 7. Nf3 Bg7 8. h3 0-0 9. Bd3 a6 10. a4 Qc7 11. 0-0 Nbd7 12. Bf4 Rb8 13. Re1 Ne5 14. Nxe5 dxe5 15. Be3 Ne8 16. Rc1 Nd6 17. Nb1 c4 18. b3 b5 19. bxc4 bxc4 20. Na3 f5 21. Nxc4 Nxc4 22. Rxc4 Qf7 23. f3 f4 24. Bf2 g5 25. Qc2 h5 26. Rc7 Qg6 27. Rc6 Bf6 28. Bc5 Re8 29. Bd6 Ra8 30. Bxe5 Rxe5 31. Rxc8+ Rxc8 32. Qxc8+ Re8 33. Qxa6 Bd4+ 34. Kf1 Qg7 35. Bb5 Rf8 36. Qe6+ Kh8 37. d6 g4 38. hxg4 hxg4 39. Qxg4 1-0

[Event "PAR-ch"]
[Site "Asuncion"]
[Date "2009.09.13"]
[Round "8"]
[White "Valiente, Cristobal"]
[Black "Pereira, Fabian"]
[Result "1/2-1/2"]
[WhiteElo "2241"]
[BlackElo "2086"]
[PlyCount "135"]
[EventDate "2009.09.06"]
[EventType "swiss"]
[EventRounds "9"]
[EventCountry "PAR"]
[SourceTitle "CBM 132 Extra"]
[Source "ChessBase"]
[SourceDate "2009.11.03"]
[SourceVersion "1"]
[SourceVersionDate "2009.11.03"]
[SourceQuality "1"]

1. e4 c5 2. Nf3 d6 3. Bc4 Nf6 4. d3 e6 5. 0-0 Be7 6. Bb3 0-0 7. c3 b6 8. Re1 Bb7 9. Nbd2 Nbd7 10. d4 Qc7 11. h3 Rad8 12. Nh2 e5 13. d5 Kh8 14. Ndf1 Ng8 15. Ng3 g6 16. Bc2 Bc8 17. Ng4 Ndf6 18. Nh2 Ne8 19. f4 f5 20. exf5 gxf5 21. c4 e4 22. Ngf1 Bf6 23. Kh1 Qg7 24. Rb1 Ne7 25. g4 Bh4 26. Re3 Ng6 27. gxf5 Bxf5 28. b3 Nxf4 29. Bb2 Bf6 30. Rg3 Qh6 31. Bxf6+ Nxf6 32. Ne3 Bxh3 33. Qd2 Rg8 34. Rbg1 Rxg3 35. Rxg3 Rg8 36. Rxg8+ Kxg8 37. Qf2 Qg5 38. Qg1 Qxg1+ 39. Kxg1 Kg7 40. Kf2 Kg6 41. Nf3 Kh5 42. Nd2 Nd3+ 43. Kg1 Kg5 44. Nxe4+ Nxe4 45. Bxd3 Kf4 46. Nd1 Bg4 47. Bxe4 Bxd1 48. Bxh7 Ke3 49. Kf1 Kd2 50. Kf2 Bc2 51. Bxc2 Kxc2 52. Ke3 Kb2 53. Ke4 Kxa2 54. Kf5 Kxb3 55. Ke6 a5 56. Kxd6 a4 57. Kc6 a3 58. d6 a2 59. d7 a1Q 60. d8Q Kxc4 61. Qd5+ Kb4 62. Qe4+ c4 63. Qe7+ Kb3 64. Qe3+ Ka2 65. Qe2+ Kb3 66. Qe3+ c3 67. Qxb6+ Kc2 68. Qf2+ 1/2-1/2

[Event "PAR-ch"]
[Site "Asuncion"]
[Date "2009.09.10"]
[Round "5"]
[White "Pereira, Fabian"]
[Black "Diaz, Fernando"]
[Result "1-0"]
[WhiteElo "2086"]
[BlackElo "1941"]
[PlyCount "77"]
[EventDate "2009.09.06"]
[EventType "swiss"]
[EventRounds "9"]
[EventCountry "PAR"]
[SourceTitle "CBM 132 Extra"]
[Source "ChessBase"]
[SourceDate "2009.11.03"]
[SourceVersion "1"]
[SourceVersionDate "2009.11.03"]
[SourceQuality "1"]

1. e4 c5 2. Nc3 d6 3. d3 g6 4. g3 Bg7 5. Bg2 e6 6. f4 Ne7 7. Nf3 Nbc6 8. 0-0 0-0 9. Be3 Nd4 10. e5 Nef5 11. Bf2 Nxf3+ 12. Qxf3 Nd4 13. Qd1 dxe5 14. fxe5 Bxe5 15. Ne4 f5 16. Nxc5 Qc7 17. b4 a5 18. c3 Nb5 19. d4 Bg7 20. Qd3 Nd6 21. b5 Rb8 22. b6 Qxb6 23. Rab1 Qc7 24. d5 exd5 25. Bxd5+ Kh8 26. Bd4 b6 27. Na4 b5 28. Nc5 Bxd4+ 29. Qxd4+ Qg7 30. Qf4 Rf6 31. Rfe1 Bd7 32. Qd4 Rbf8 33. a4 Be8 34. Ne6 Qh6 35. Nxf8 Qxf8 36. Re6 Kg7 37. axb5 Nxb5 38. Qe5 Nd6 39. Rb6 1-0

[Event "Asuncion zt 2.5"]
[Site "Asuncion"]
[Date "2009.06.14"]
[Round "5"]
[White "Zacarias Martinez, Ruben David"]
[Black "Pereira, Fabian"]
[Result "0-1"]
[WhiteElo "2209"]
[BlackElo "2062"]
[PlyCount "52"]
[EventDate "2009.06.10"]
[EventType "swiss"]
[EventRounds "9"]
[EventCountry "PAR"]
[SourceTitle "CBM 130 Extra"]
[Source "ChessBase"]
[SourceDate "2009.07.02"]
[SourceVersion "2"]
[SourceVersionDate "2009.07.15"]
[SourceQuality "1"]

1. e4 c5 2. Nf3 d6 3. d4 cxd4 4. Nxd4 Nf6 5. Nc3 a6 6. Bg5 e6 7. f4 Be7 8. Qf3 Qc7 9. 0-0-0 Nbd7 10. g4 h6 11. Bh4 g5 12. e5 dxe5 13. fxg5 hxg5 14. Bg3 Qb6 15. Nb3 Qb4 16. Be2 e4 17. Qe3 Nc5 18. Be5 Nxb3+ 19. axb3 Qa5 20. Qd4 Rh6 21. Bd6 Bxd6 22. Qxd6 Bd7 23. b4 Qa1+ 24. Kd2 Qxb2 25. Rb1 e3+ 26. Kd3 Qxc3+ 0-1

[Event "Asuncion zt 2.5"]
[Site "Asuncion"]
[Date "2009.06.10"]
[Round "1"]
[White "Pereira, Fabian"]
[Black "Lafuente, Pablo"]
[Result "1-0"]
[WhiteElo "2062"]
[BlackElo "2524"]
[PlyCount "105"]
[EventDate "2009.06.10"]
[EventType "swiss"]
[EventRounds "9"]
[EventCountry "PAR"]
[SourceTitle "CBM 130 Extra"]
[Source "ChessBase"]
[SourceDate "2009.07.02"]
[SourceVersion "2"]
[SourceVersionDate "2009.07.15"]
[SourceQuality "1"]

1. e4 c6 2. d4 d5 3. Nd2 dxe4 4. Nxe4 Bf5 5. Ng3 Bg6 6. Nf3 Nf6 7. h4 Nh5 8. Ne2 e6 9. Ne5 Nd7 10. g4 Nhf6 11. Nxg6 hxg6 12. Ng3 Qc7 13. Qf3 Bd6 14. Bd2 Nd5 15. 0-0-0 Bf4 16. c4 Bxd2+ 17. Rxd2 Qf4 18. Be2 Qxf3 19. Bxf3 Nf4 20. g5 Ke7 21. Ne2 Nxe2+ 22. Rxe2 Kd6 23. h5 gxh5 24. Rxh5 g6 25. Rxh8 Rxh8 26. Kd2 Rh3 27. Re3 Nf8 28. Ke2 Nd7 29. b4 Rh8 30. a4 Rb8 31. c5+ Kc7 32. b5 Rd8 33. Rc3 Nf8 34. Ke3 Nh7 35. Bg2 Nxg5 36. Rb3 e5 37. dxe5 Ne6 38. bxc6 bxc6 39. Rb4 g5 40. Rc4 Rd1 41. Be4 a5 42. Ke2 Ra1 43. Kf3 Ra2 44. Bf5 Nf4 45. Bc2 Rb2 46. Kg4 Ne6 47. Kf5 Kd8 48. Kf6 Ke8 49. f3 Rb4 50. Rxb4 axb4 51. Bb3 Nxc5 52. Bxf7+ Kd8 53. e6 1-0

[Event "Pan American-ch U14 21th"]
[Site "Villa Carlos Paz"]
[Date "2008.07.01"]
[Round "3"]
[White "Vallejo, Renato"]
[Black "Pereira, Fabian"]
[Result "0-1"]
[WhiteElo "1871"]
[BlackElo "2040"]
[PlyCount "66"]
[EventDate "2008.06.30"]
[EventType "swiss"]
[EventRounds "9"]
[EventCountry "ARG"]
[SourceTitle "EXT 2022"]
[Source "ChessBase"]
[SourceDate "2021.10.06"]
[SourceVersion "1"]
[SourceVersionDate "2021.10.06"]
[SourceQuality "1"]

1. e4 c5 2. Nf3 e6 3. d4 cxd4 4. Nxd4 Nf6 5. Bd3 Nc6 6. Nb3 d5 7. exd5 exd5 8. 0-0 Be7 9. Bf4 0-0 10. Re1 Be6 11. N1d2 Rc8 12. a3 Qd7 13. h3 Rfe8 14. Nf3 a6 15. Rc1 h6 16. Qd2 b5 17. Nbd4 Nxd4 18. Nxd4 Bc5 19. Nb3 Bf8 20. Be5 Qd8 21. Re3 Ne4 22. Bxe4 dxe4 23. Qxd8 Rexd8 24. Nd4 Bd5 25. Rg3 Kh7 26. Nf5 g6 27. Ne3 f5 28. Nxd5 Rxd5 29. Rc3 Rcd8 30. Rc7+ Kg8 31. Bc3 Rd1+ 32. Rxd1 Rxd1+ 33. Kh2 Bd6+ 0-1

[Event "South American-ch U12"]
[Site "Federacion"]
[Date "2007.12.??"]
[Round "3"]
[White "Pereira, Fabian"]
[Black "Shumyatsky, Victor"]
[Result "0-1"]
[WhiteElo "2009"]
[BlackElo "2060"]
[PlyCount "96"]
[EventDate "2007.12.16"]
[EventType "swiss"]
[EventRounds "9"]
[EventCountry "ARG"]
[SourceTitle "EXT 2022"]
[Source "ChessBase"]
[SourceDate "2021.10.06"]
[SourceVersion "1"]
[SourceVersionDate "2021.10.06"]
[SourceQuality "1"]

1. e4 d5 2. exd5 Qxd5 3. Nc3 Qd6 4. d4 Nf6 5. Nf3 a6 6. Be2 Bg4 7. 0-0 e6 8. Be3 Be7 9. Ne5 Bxe2 10. Qxe2 Nc6 11. Nc4 Qd8 12. Rad1 0-0 13. Ne5 Nb4 14. a3 Nbd5 15. Nxd5 exd5 16. Rfe1 Nd7 17. Qg4 Nf6 18. Qf5 Qc8 19. Qxc8 Raxc8 20. g4 Rfe8 21. h3 Bd6 22. Nd3 Re6 23. Bf4 Rxe1+ 24. Rxe1 Bxf4 25. Nxf4 c6 26. Re7 Rb8 27. g5 Ne4 28. h4 Kf8 29. Rc7 Nd6 30. Nd3 Nb5 31. Rd7 Nxd4 32. Ne5 Re8 33. Nd3 Nxc2 34. Nc5 b6 35. Nb7 d4 36. Nd6 Re1+ 37. Kg2 d3 38. Rxf7+ Kg8 39. Rd7 g6 40. Rd8+ Kg7 41. Nc8 Rb1 42. Nxb6 Rxb2 43. Nc4 Rb3 44. Ne5 Rxa3 45. Rd7+ Kf8 46. Nxc6 Ne1+ 47. Kg3 d2+ 48. f3 Nd3 0-1